30 cidades mais populosas dos Estados Unidos - Statistics

Estatísticas Gerais
  • Esse quiz foi jogado 118 vezes
  • A pontuação média é 16 de 30
Estatísticas das Respostas
# População Letra Cidade % Correto
1 8.478.072 N Nova York
99%
2 3.878.704 L Los Angeles
96%
3 2.721.308 C Chicago
92%
22 702.250 W Washington
89%
4 2.390.125 H Houston
80%
17 827.526 S San Francisco
75%
25 673.458 B Boston
73%
8 1.404.452 S San Diego
73%
9 1.326.087 D Dallas
69%
6 1.573.916 F Filadélfia
68%
24 678.922 L Las Vegas
67%
18 780.995 S Seattle
61%
26 645.705 D Detroit
60%
19 729.019 D Denver
57%
13 993.588 A Austin
54%
5 1.673.164 P Phoenix
51%
16 891.484 I Indianapolis
49%
7 1.526.656 S San Antonio
44%
28 635.749 P Portland
42%
10 1.009.833 J Jacksonville
38%
14 943.476 C Charlotte
37%
12 997.368 S San Jose
32%
29 610.919 M Memphis
30%
20 712.919 O Oklahoma City
30%
21 704.963 N Nashville
29%
30 568.271 B Baltimore
27%
15 933.263 C Columbus
23%
27 640.796 L Louisville
17%
11 1.008.106 F Fort Worth
15%
23 681.723 E El Paso
14%
Nenhum quiz correspondente encontrado
Distribuição das Pontuações
Porcentagem de Pessoas com Cada Pontuação
Percentil de Números Respondidos
Sua Pontuação Histórica
Você não jogou esse quiz